000 00431nam a2200181Ia 4500
001 23652
005 20260414150951.0
008 260414t1981||||xx |||||||||||||| ||spa||
041 _aESP
082 _a684.1
_bD18
100 _aDal Fabbro, Mario,
_eAUT
245 0 _aCómo construir el mueble moderno
_b
260 _c1981
300 _a214 páginas :
_c24 cm.
650 _aTCA
654 _aCII
942 _cLIB
_dJUS
_fJUS
_2ddc
_n
999 _c23652
_d23652